| 000 | 01179nam a22002177a 4500 | ||
|---|---|---|---|
| 999 |
_c59105 _d59105 |
||
| 003 | Ge_BSU | ||
| 005 | 20221125122525.0 | ||
| 008 | 221125s1970ge xxu||||| |||| 00| 0 geo d | ||
| 041 | _ageo | ||
| 080 | _a821.131.1-32 ბ-82 | ||
| 100 |
_aბოკაჩო, ჯოვანი. _916095 |
||
| 245 |
_aდეკამერონი. _b წ. 1, [1-4 დღე] / _cჯოვანი ბოკაჩო ; თარგმანი თ. სახოკიასი ; ილ.: ლ. გრიგოლია, ილ. სუპერზე რ. კენტისა. |
||
| 264 |
_aთბილისი : _bსაბჭ. საქართველო, _c1970. |
||
| 300 |
_a417გვ.: _b22 სმ. |
||
| 440 |
_aმსოფლიო ლიტერატურის ბიბლიოთეკა პირველი სერია ტ.13 _916096 |
||
| 653 | _aდეკამერონი | ||
| 653 | _aმხატვრული ლიტერატურა | ||
| 700 |
_a სახოკია, თ _eმთარგმნელი _916097 |
||
| 700 |
_aგრიგოლია, ლ [და სხვ.] _eილუსტრატორი _916098 |
||
| 942 |
_2udc _cBK |
||